Electronic products handbook : (Record no. 135844)
[ view plain ]
| 000 -LEADER | |
|---|---|
| fixed length control field | 00725nam a22002177a 4500 |
| 005 - DATE AND TIME OF LATEST TRANSACTION | |
| control field | 20170124110251.0 |
| 010 ## - LIBRARY OF CONGRESS CONTROL NUMBER | |
| LC control number | B-220591 |
| 020 ## - INTERNATIONAL STANDARD BOOK NUMBER | |
| Terms of availability | 1075.00 |
| International Standard Book Number | 8178330598 |
| 035 ## - SYSTEM CONTROL NUMBER | |
| System control number | B-220591 |
| 037 ## - SOURCE OF ACQUISITION | |
| Source of stock number/acquisition | Cen Lib/Ret |
| 040 ## - CATALOGING SOURCE | |
| Original cataloging agency | DPL |
| Language of cataloging | EN |
| 082 ## - DEWEY DECIMAL CLASSIFICATION NUMBER | |
| Classification number | 621.3815 |
| Item number | ELE |
| 110 ## - MAIN ENTRY--CORPORATE NAME | |
| Corporate name or jurisdiction name as entry element | NIIR Board of Consultants & Engineers |
| 9 (RLIN) | 98743 |
| 245 ## - TITLE STATEMENT | |
| Title | Electronic products handbook : |
| Remainder of title | with circuit diagram / |
| Statement of responsibility, etc | by NIIR Board of Consultants & Engineers |
| 260 ## - PUBLICATION, DISTRIBUTION, ETC. (IMPRINT) | |
| Place of publication, distribution, etc | Delhi |
| Name of publisher, distributor, etc | Asia Pasific Business Press |
| Date of publication, distribution, etc | [s.n.] |
| 270 ## - ADDRESS | |
| City | Delhi |
| Address | 106-E, kamla nagar |
| Postal code | 110007 |
| 300 ## - PHYSICAL DESCRIPTION | |
| Extent | 613p. |
| Dimensions | 19cm(Hb) |
| 650 ## - SUBJECT ADDED ENTRY--TOPICAL TERM | |
| Topical term or geographic name as entry element | Electronic products -- Handbooks |
| 9 (RLIN) | 98744 |
| 650 ## - SUBJECT ADDED ENTRY--TOPICAL TERM | |
| Topical term or geographic name as entry element | Hardware |
| 9 (RLIN) | 98745 |
| 942 ## - ADDED ENTRY ELEMENTS (KOHA) | |
| Source of classification or shelving scheme | Dewey Decimal Classification |
| Koha item type | English Books |
| Classification part | 621.3815 |
| Call number suffix | ELE |
| Withdrawn status | Lost status | Damaged status | Not for loan | Home library | Current library | Date acquired | Source of acquisition | Cost, normal purchase price | Total Checkouts | Full call number | Barcode | Date last seen | Copy number | Cost, replacement price | Price effective from | Koha item type | Collection code |
|---|---|---|---|---|---|---|---|---|---|---|---|---|---|---|---|---|---|
| Central Library | Central Library | 08/10/2015 | Cen Lib/Ret | 1075.00 | 621.3815 ELE | B-220591 | 08/10/2015 | 1 | 1075.00 | 08/10/2015 | English Books | ||||||
| Not For Loan | Central Library | Central Library | 09/10/2015 | Cen Lib/Ret | 1075.00 | 621.3815 ELE | B-220592 | 09/10/2015 | 1 | 1075.00 | 09/10/2015 | English Books | Reference |
